Statistics for Catchphrases from the simpsons!!

Click here to take the quiz!

General Stats

  • This quiz has been taken 27 times
  • The average score is 6 of 60

Answer Stats

HintAnswer% Correct
BartEat my shorts!
86%
HomerD'oh-!
73%
EdnaHa"!'
55%
Mr burnsExcellent,,...'
45%
BartDon't have a cow man.!'
41%
NelsonHa" ha"!
41%
Nick rivieraHi everybody!!"
27%
ChalmersSKINNER!!!"
27%
BartCowabunga!
23%
Mr burnsRelease the hounds!!'
23%
BartAy caramba'!
18%
Agnes skinner.SEYMOUR!"
18%
MilhouseEverything's coming up Milhouse!'
14%
Troy mcClureHi I'm Troy mcClure"
14%
HomerMmm' donuts..
14%
ApuThank you, come again!'
14%
Sideshow bobHello Bart""...
9%
MargeOh homie!!"
9%
Mr burnsSmithers!!'
9%
HomerStupid Flanders!'
9%
The rich texanYee haw!'',..
9%
Snake jailbirdBye!!"
5%
Nick rivieraBye everybody!!"
5%
BartGet bent-...
5%
Professor frinkGlavin!'
5%
AbeHot diggity dog!
5%
AbeI'm cold'"".
5%
HelenThink of the children!
5%
HomerWhatever, I'll be at moe's...
5%
HomerWhy you little,!
5%
SkinnerYes mother...
5%
Troy mcClureYou may remember me from such films as...
5%
MoeAh, jeez"!
0%
SkinnerAttention students.."
0%
Bumblebee manAy ay ay"!
0%
Dr hibbert(Chuckles mindlessly)
0%
Sarah wiggumCLANCY!!"
0%
Chief wiggumCuff 'em lou'"
0%
Reverend lovejoyDamn flanders!'
0%
Snake jailbirdDude."
0%
Sideshow bob(Evil laughter)
0%
The yes guyE-yes'"
0%
Sideshow bob(Gets hit by rake and grumbles)
0%
Chief WiggumHold it right there!!"
0%
Mr burnsHomer Simpson eh?'
0%
MargeI don't think that's a very good idea..',
0%
LisaIf anyone wants me I'll be in my room...'
0%
MoeI swear when I catch you I'll rip you apart!!!"
0%
LepoldListen up you little FREAKS"!
0%
Dr fosterMay god have mercy on us all..
0%
DuffmanOh yeah"
0%
Maggie(pacifier suck)
0%
LisaQuit it Bart!
0%
MilhouseRadical"!'
0%
KearnyShut up!!"
0%
SkinnerSIMPSON!!!!!!"
0%
MoeWhat's the matter Homer??!'
0%
MilhouseWhat's up!"
0%
HelenWill somebody please think of the children!!
0%
Sea captainYargh!"
0%

Score Distribution

Percentile by Number Answered

Percent of People with Each Score

Your Score History

You have not taken this quiz